SpongeBob SquarePants Characters - Sudden Death - Statistics

General Stats
  • This quiz has been taken 219 times
    212 since last reset
  • The average score is 18 of 25
Answers on the Grid
Answers color-coded by a green-red scale on the quiz's grid according to % correct below.
SpongeBob SquarePants
Patrick Star
Rocko Rama
Denzel Crocker
Squidward Tentacles
Mr. Krabs
Sandy Cheeks
Jake the Dog
Realistic Fish Head
Sheldon Plankton
Karen
Mrs. Puff
Wanda
Pearl Krabs
Gary the Snail
Finn the Human
Heffer Wolfe
Raj
Cosmo
Patchy the Pirate
Potty the Parrot
Spunky
Ren Höek
Princess Bubblegum
Ice King
French Narrator
Muddy Mudskipper
Mermaid Man
Filburt Shellbach
Vicky
Barnacle Boy
Scoutmaster Lumpus
Mr. Slinkman
King Neptune
Samson
Larry the Lobster
Perch Perkins
Ed Bighead
Timmy Turner
Bubble Bass
Nosferatu
Powdered Toast Man
Slappy Laslo
Old Man Jenkins
The Flying Dutchman
Stimpy
Mr. Horse
Squilliam Fancyson III
 
Answer Stats
Answer % Correct
SpongeBob SquarePants
93%
Mr. Krabs
91%
Patrick Star
90%
Sandy Cheeks
90%
Mrs. Puff
88%
Squidward Tentacles
87%
Gary the Snail
86%
Sheldon Plankton
86%
Pearl Krabs
84%
Larry the Lobster
80%
Karen
77%
King Neptune
77%
The Flying Dutchman
77%
Barnacle Boy
76%
Mermaid Man
76%
Patchy the Pirate
75%
Bubble Bass
66%
Potty the Parrot
65%
Old Man Jenkins
63%
French Narrator
60%
Squilliam Fancyson III
58%
Realistic Fish Head
57%
Nosferatu
45%
Perch Perkins
45%
Slappy Laslo
7%
No matching quizzes found
Score Distribution
Percent of People with Each Score
Percentile by Number Answered
Your Score History
You have not taken this quiz since the last reset